000 00586nam a2200169Ia 4500
008 230917s9999||||xx |||||||||||||| ||und||
020 _cRS225
040 _e224060
_aMAIN
041 _aEnglish
082 _a333.9110954 S71I
100 _aSarbhukan, M M
245 0 _aIntegrated water resources management: An overview of availability and demand for diverse uses with focus on drinking water and food in India by 2050
260 _aNew Delhi
_bCBS Publishers & Distributors
_c2013
300 _axii, 207 p.
500 _a1932 05/02/2015 HBD6293 18/02/2015 Main Budget
942 _cBK
999 _c14425
_d14425